Traditional Regions of Slovakia - Statistics

General Stats
  • This quiz has been taken 198 times
  • The average score is 16 of 25
Answers on the Map
Answers color-coded by a green-red scale on the quiz's map according to % correct below.
 
Answer Stats
Answer % Correct
Bratislava a okolie
92%
Orava
86%
Záhorie
86%
Kysuce
79%
Liptov
76%
Spiš
73%
Šariš
70%
Tatry
69%
Horné Považie
67%
Gemer
66%
Abov (Košice)
65%
Dolné Považie
64%
Podunajsko
63%
Stredné Považie
62%
Turiec
62%
Horný Zemplín
60%
Dolný Zemplín
59%
Horehronie
59%
Hont
57%
Horná Nitra
57%
Dolná Nitra
56%
Tekov (Dolné Pohronie)
52%
Zamagurie
51%
Novohrad (Poiplie)
38%
Zvolensko-Podpoľanie
10%
No matching quizzes found
Score Distribution
Percent of People with Each Score
Percentile by Number Answered
Your Score History
You have not taken this quiz